Numerická simulácia procesov indukčného kalenia s využitím programového systému ANSYS
Enregistré dans:
| Auteur principal: | |
|---|---|
| Autres auteurs: | |
| Format: | Manuscrit Livre |
| Langue: | slovaque |
| Publié: |
2019
|
| Sujets: | |
| Accès en ligne: | http://is.stuba.sk/zp/portal_zp.pl?podrobnosti=123885 |
| Tags: |
Pas de tags, Soyez le premier à ajouter un tag!
|
MARC
| LEADER | 00000ntm a22000003a 4500 | ||
|---|---|---|---|
| 001 | stuzp68001 | ||
| 003 | SK-STU | ||
| 005 | 20190622210538.8 | ||
| 007 | ta | ||
| 008 | 150427s2015----xo-----f-mn---000-0-slo-d | ||
| 040 | |a STU |b slo | ||
| 041 | 0 | |a slo | |
| 100 | 1 | |a Mocák, Peter |u 063000 |4 aut |U MTF Materiálovotechnologická fakulta |T MTF Ústav výrobných technológií |X 80485 |U M3000 |Y 83 |7 80485 | |
| 242 | 0 | 1 | |a Numerical simulation of induction heating processes using the ANSYS software |y eng |
| 245 | 1 | 0 | |a Numerická simulácia procesov indukčného kalenia s využitím programového systému ANSYS |
| 260 | |c 2019 | ||
| 650 | 4 | |a Metóda konečných prvkov |2 slo | |
| 650 | 4 | |a Maxwellove rovnice |2 slo | |
| 650 | 4 | |a Indukčný ohrev |2 slo | |
| 650 | 4 | |a Induction heating |2 eng | |
| 650 | 4 | |a finite element method |2 eng | |
| 650 | 4 | |a Maxwell equations |2 eng | |
| 700 | 1 | |a Behúlová, Mária |u 066000 |k Z1 |4 ths |U MTF Materiálovotechnologická fakulta |T MTF Ústav aplikovanej informatiky, automatizácie a mechatroniky |X 200 |U M6000 |Y 86 |7 A000000200 | |
| 856 | 4 | |u http://is.stuba.sk/zp/portal_zp.pl?podrobnosti=123885 | |
| 996 | |c M* BP-8651 |l MMSKP |s P |a 0 |w stuzp68001_0001 | ||